000 00525nam a2200217Ia 4500
003 OSt
005 20140313131109.0
008 140130s9999 xx 000 0 und d
020 _a059044784X
050 _aSF 445.7
_b.Se44 1992
100 _aSelsam, Millicent
245 _cMillicent Selsam
_aHow kittens grow /
260 _bScholastic,
_c1992.
_aNew York :
300 _a[32] p. :
_bill. ;
_c22 cm.
521 _aG2
526 _c470
942 _cBK
_2lcc
999 _c40429
_d40429